| 000 | 00443cam a2200169ua 4500 | ||
|---|---|---|---|
| 020 | _c395.00 | ||
| 041 |
_aeng _h |
||
| 082 |
_a660.6 _bBAL/CO |
||
| 100 | _aBalasubramanian, D . | ||
| 245 | 0 | 0 |
_aConcepts in biotechnology / _cD Balasubramanian. _hTextual Documents |
| 260 |
_aHyderabad : _bUniversities press India Pvt Ltd , _c2004. |
||
| 300 | _a500 ; . | ||
| 365 | _a395.00 | ||
| 504 | _a | ||
| 942 | _cBK | ||
| 999 |
_c13235 _d13235 |
||